000 00785nam a2200253 i 4500
001 15128
003 ES-MaACL
005 20230906151009.0
007 t|
008 991222s1983 sp ||||1| spa d
020 _a84-7517-115-X
080 _a821.134.2-14"15"
080 _a821.134.2 Aldana, Francisco de 1.06
100 1 _aAldana, Francisco de.
_919604
245 1 0 _aSonetos /
_cFrancisco de Aldana ; edición a cargo de Raúl Ruiz.
260 _aMadrid :
_bHiperión,
_c1983.
300 _a110 p. ;
_c20 cm.
490 1 _aPoesía Hiperión ;
_v65
600 1 4 _aAldana, Francisco de-
_xCrítica e interpretación.
_919605
700 1 _aRuiz, Raúl.
_9100626
830 0 _aPoesía Hiperión ;
_v65
_9177326
852 _aES-MaACL
_jL-22294
_bR.127683
999 _c15128
_d15128